| 000 | 00776nam a2200253 a 4500 | ||
|---|---|---|---|
| 005 | 20191224041601.0 | ||
| 008 | 140227s1998 ec ab fr|||| 000 0 spa d | ||
| 020 | _a580794 | ||
| 040 |
_aCO-BoIAVH _cCO-BoIAVH |
||
| 041 | 0 | _aspa | |
| 044 | _aec | ||
| 082 | 0 | 4 |
_a333.783092 _bF98m |
| 110 | 2 | _bFundación Natura | |
| 245 | 1 | 0 |
_aMachalilla : _bguía natural y cultura |
| 260 |
_aQuito : _bFundación Natura : _bCDC, _c1998. |
||
| 300 |
_a64 páginas : _bIlustraciones,mapas ; _c21 x 15 cm. |
||
| 650 | 1 | 6 | _aUso de biodiversidad |
| 650 | 2 | 6 | _aVegetación |
| 650 | 1 | 6 | _aFauna |
| 650 | 2 | 6 | _aTortugas marinas |
| 650 | 2 | 6 | _aArrecifes coralinos |
| 710 | 2 | _aCorporación Centro de Datos para la Conservación | |
| 942 |
_cLIBRO _2ddc |
||
| 999 |
_c1382 _d1382 |
||